| 000 | 00762nam a2200253Ia 4500 | ||
|---|---|---|---|
| 001 | 18463 | ||
| 003 | GE_BSU | ||
| 008 | 181216s||||||||xx |||||||||||||| ||und|| | ||
| 020 | _a9780470835173 | ||
| 040 | _cGE_BSU | ||
| 080 | _a316 | ||
| 100 | _aFurlong, Gary T. | ||
| 245 | 4 | _aThe Conflict resolution toolbox | |
| 245 | _bModels & Maps for Analyzing Diagnosing and Resolving Conflict | ||
| 260 | _aCanada | ||
| 260 | _bJohn Wiley & Sons, Inc | ||
| 260 | _c2005 | ||
| 300 | _a256p.24cm. | ||
| 653 | _aModels & Maps for Analyzing Diagnosing and Resolving Conflict | ||
| 653 | _aThe Conflict resolution toolbox | ||
| 653 | _aკონფლიქტების მოგვარება | ||
| 653 | _aსოციოლოგია | ||
| 942 | _cBK | ||
| 999 |
_c51477 _d51477 |
||